[Event "EUR-ASIA Rapid Match"]
[Site "Batumi GEO"]
[Date "2001.09.17"]
[Round "3"]
[White "Sutovsky,E"]
[Black "Kasimdzhanov,R"]
[Result "0-1"]
[WhiteElo "2651"]
[BlackElo "2704"]

1.e4 c5 2.Nc3 g6 3.d4 Bg7 4.Be3 cxd4 5.Bxd4 Bxd4 6.Qxd4 Nf6 7.Nd5 Nc6 8.Nxf6+ exf6
9.Qd2 d6 10.O-O-O Be6 11.h4 Qb6 12.Nh3 Nb4 13.a3 Nxc2 14.Qxd6 Qxd6 15.Rxd6 Na1
16.Kb1 Nb3 17.Nf4 Ke7 18.Rd1 Rhd8 19.Nd5+ Kf8 20.h5 f5 21.hxg6 hxg6 22.Rd3 fxe4
23.Rxb3 Bxd5 24.Rc3 Kg7 25.Be2 Bc6 26.Kc1 Rd4 27.Rd1 Rxd1+ 28.Kxd1 Kf6 29.f3 Rd8+
30.Ke1 Ke5 31.fxe4 Bxe4 32.Rc7 Bxg2 33.Rxf7 Bd5 34.Rg7 Kf6 35.Rc7 Rh8 36.Kf2 Rh3
37.Rd7 Be4 38.Rd4 Ke5 39.Ra4 Kf4 40.Bf1 Rb3 41.Rxa7 Rxb2+ 42.Kg1 Kg3 43.Ra4 Bf3
44.Ra5 Rb1 45.Rg5+ Kf4 46.Rxg6 Be2 47.Rf6+ Ke5 48.Rf2 Bxf1 49.Rxf1 Rxf1+
50.Kxf1 Kd4 51.Ke2 Kc3 52.Ke3 b5  0-1

[Event "It IM"]
[Site "Kastav CRO"]
[Date "2001.09.31"]
[Round "6"]
[White "Topalovic,Z"]
[Black "Dumpor,A"]
[Result "0-1"]
[WhiteElo "2222"]
[BlackElo "2329"]

1.e4 g6 2.d4 Bg7 3.Nc3 c5 4.Be3 Qa5 5.Nf3 Nf6 6.Qd2 cxd4 7.Nxd4 Nc6 8.Nb3 Qd8
9.Bh6 O-O 10.Be2 a5 11.Bxg7 Kxg7 12.O-O a4 13.Nc1 Qb6 14.Rb1 d6 15.Kh1 a3
16.b3 Qb4 17.Nd3 Nxe4 18.Nxe4 Qxe4 19.f4 Bf5 20.Rbe1 Rfe8 21.h3 Rac8 22.Kh2 Nd4
23.Bd1 Qc6 24.Nb4 Qc5 25.c4 b5 26.cxb5 Nxb5 27.g4 Bd7 28.f5 Qd4 29.Qxd4+ Nxd4
30.Rxe7 Rxe7 31.f6+ Kf8 32.fxe7+ Kxe7 33.Nd5+ Ke6 34.Nf6 Ke7 35.Nxh7 Rc1
36.Kg2 Ra1 37.Ng5 Rxa2+ 38.Kg3 Ra1  0-1

[Event "FSGM October"]
[Site "Budapest HUN"]
[Date "2001.10.14"]
[Round "9"]
[White "Biro,S"]
[Black "Jakab,A"]
[Result "1-0"]
[WhiteElo "2360"]
[BlackElo "2369"]

1.e4 g6 2.d4 Bg7 3.Nc3 c5 4.dxc5 Qa5 5.Bd2 Qxc5 6.Nd5 Na6 7.Bxa6 bxa6 8.Nf3 Bb7
9.O-O Bxd5 10.Be3 Qc8 11.exd5 Nf6 12.d6 e6 13.Qd3 O-O 14.c4 Qc6 15.Rad1 Rfb8
16.b3 a5 17.Ne5 Qb7 18.Bd4 a4 19.bxa4 Qa6 20.c5 Qxa4 21.Qf3 Rf8 22.c6 dxc6
23.Qxc6 Qxa2 24.d7 Nd5 25.Ra1 Qd2 26.Rfd1 Qf4 27.Qd6 Rfd8 28.g3 Qe4 29.f3 Qf5
30.Re1 a5 31.Re4 Bxe5 32.Rxe5 Qxf3 33.Rf1 Qd3 34.Rxd5 exd5 35.Qxd5 Rf8 36.Qe5 f6
37.Qd5+  1-0

[Event "Chigorin Mem Open"]
[Site "St Petersburg RUS"]
[Date "2001.10.26"]
[Round "1"]
[White "Akimov,I"]
[Black "Eliseev,A"]
[Result "0-1"]
[WhiteElo "2279"]
[BlackElo "2482"]

1.d4 g6 2.e4 Bg7 3.Nc3 Nc6 4.Be3 d6 5.d5 Ne5 6.h3 Nf6 7.Qd2 O-O 8.Be2 c6
9.Nf3 Nxf3+ 10.Bxf3 Bd7 11.O-O Re8 12.Rfe1 Rc8 13.Rad1 Qc7 14.Bd4 c5 15.Be3 b5
16.Bf4 b4 17.Nb1 Bb5 18.e5 Nd7 19.e6 fxe6 20.dxe6 Nb6 21.b3 Bc6 22.Bxc6 Qxc6
23.c4 Na8 24.Bh6 Rf8 25.Bxg7 Kxg7 26.Qg5 Rce8 27.Nd2 Rf5 28.Qh4 Rh5 29.Qg4 Rf8
30.Ne4 h6 31.f4 Nc7 32.Ng3 Rhf5 33.Nxf5+ Rxf5 34.Rd2 a5 35.Rd3 Qe8 36.Rg3 Kh7
37.Qf3 Qf8 38.Qc6 Ne8 39.Rf3 Ng7 40.Qd7 h5 41.h4 Rf6 42.g3 Nf5 43.Qb7 Qg7
44.Kg2 Rf8 45.Qe4 Qb2+ 46.Rf2 Qc3 47.Rf3 Qf6 48.Rf2 Rb8 49.Rh1 Kg7 50.Re1 Kh6
51.Rh1 Rf8 52.Re1 Kh7 53.Rh1 Kh6 54.Re1 Qg7 55.Rh1 Qh8 56.Re1 Qf6 57.Rh1 Rb8
58.Re1 Rd8 59.Rh1 Qf8 60.Kh3 Qf6 61.Kg2 Kg7 62.Rd1 Rb8 63.Rh1 Qf8 64.Kh3 Qh8
65.Kg2 a4 66.Rff1 Ra8 67.g4 hxg4 68.h5 axb3 69.axb3 Ra2+ 70.Rf2 Ra3 71.Rb2 Kg8
72.Re2 Qc3 73.Rb1 Qg3+ 74.Kh1 Qh4+ 75.Kg1 Kg7 76.Rh2 Qf6 77.hxg6 Kxg6 78.Rg2 Qh4  0-1

[Event "ch-ROM"]
[Site "Targoviste ROM"]
[Date "2001.11.26"]
[Round "3"]
[White "Cosma,I"]
[Black "Tugui,A"]
[Result "1-0"]
[WhiteElo "2472"]
[BlackElo "2337"]

1.d4 g6 2.e4 Bg7 3.Nc3 c5 4.d5 d6 5.Be2 Nf6 6.Nf3 O-O 7.O-O e6 8.Bc4 exd5
9.Nxd5 Nxd5 10.Bxd5 Nc6 11.c3 Qe7 12.Bf4 Ne5 13.Nxe5 Bxe5 14.Bxe5 dxe5 15.Qb3 a5
16.a4 Ra6 17.Rfd1 g5 18.f3 Rd6 19.Rd3 Kg7 20.Rad1 Rfd8 21.Qc2 b6 22.Qf2 h5
23.g3 h4 24.f4 gxf4 25.gxf4 exf4 26.Kh1 Rg6 27.Qxf4 Qg5 28.Qxf7+ Kh6 29.Qf2 Rf6
30.Qg2 Qxg2+ 31.Kxg2 Rdf8 32.e5 Rf2+ 33.Kg1 Bg4 34.Re1 Rxb2 35.e6 Rg8 36.e7 Be6+
37.Kh1  1-0

[Event "Open"]
[Site "Rijeka CRO"]
[Date "2001.12.08"]
[Round "8"]
[White "Zelenika,S"]
[Black "Loncar,R"]
[Result "1-0"]
[WhiteElo "2331"]
[BlackElo "2458"]

1.e4 g6 2.d4 Bg7 3.Nc3 c5 4.Nf3 Qa5 5.Be3 Nf6 6.Qd2 cxd4 7.Nxd4 Nc6 8.Nb3 Qd8
9.f3 d6 10.O-O-O a5 11.a4 Be6 12.Nd4 Nxd4 13.Bxd4 O-O 14.g4 Rc8 15.h4 h5
16.Nd5 Bxd5 17.exd5 Qc7 18.c3 Rfe8 19.Bb5 e5 20.dxe6 Rxe6 21.Rhg1 hxg4 22.fxg4 Ne4
23.Qc2 Qe7 24.g5 Bxd4 25.Rxd4 Rc5 26.Bc4 Ree5 27.Qb3 d5 28.Bd3 Nf2 29.Kb1 Re1+
30.Rxe1 Qxe1+ 31.Ka2 Nxd3 32.Rxd3 Qxh4 33.Rxd5 Rc4 34.Qb5  1-0

[Event "TCh-BEL 2001-2"]
[Site "Belgium BEL"]
[Date "2001.12.23"]
[Round "5"]
[White "Dijckmans,B"]
[Black "Ghysels,C"]
[Result "0-1"]
[WhiteElo "2134"]
[BlackElo "2204"]

1.d4 g6 2.e4 Bg7 3.Nc3 c5 4.d5 d6 5.f4 Nf6 6.Bb5+ Nfd7 7.a4 O-O 8.Nf3 Na6
9.O-O Nc7 10.Bd3 Nf6 11.Qe1 e6 12.dxe6 fxe6 13.e5 Nfd5 14.Ne4 Ne8 15.Neg5 Ne7
16.Nxh7 Kxh7 17.Qh4+ Kg8 18.Bxg6 Nf6 19.Bd3 Nf5 20.Bxf5 exf5 21.exf6 Qxf6
22.Ng5 Qh6 23.Qxh6 Bxh6 24.Re1 Bd7 25.Ra3 Bg7 26.Re7 Bc6 27.Rxg7+ Kxg7 28.Ne6+ Kf6
29.Nxf8 Rxf8 30.Rd3 Ke6 31.b3 Rg8 32.Rd2 Be4 33.Bb2 b6 34.g3 Rc8 35.c4 Rd8
36.Kf2 d5 37.h4 d4 38.b4 Rb8 39.a5 Kd7 40.Ba3 Kc6 41.axb6 axb6 42.Rb2 Ra8
43.bxc5 Rxa3 44.cxb6 Rf3+ 45.Ke1 Kb7 46.h5 Rxg3 47.Rh2 Kxb6 48.h6 Rg8 49.h7 Rh8
50.Rh6+ Kc5 51.Kd2 Kxc4 52.Rh4 Kd5 53.Rh6 Bf3 54.Kd3 Bg2 55.Rh2 Bf1+ 56.Kd2 Ke4
57.Ke1 Bc4 58.Rh4 Ke3  0-1

[Event "Rilton Cup"]
[Site "Stockholm SWE"]
[Date "2001.12.29"]
[Round "3"]
[White "Johansson,G1"]
[Black "Bellon Lopez,JuM"]
[Result "0-1"]
[WhiteElo "2199"]
[BlackElo "2442"]

1.e4 g6 2.d4 Bg7 3.Nc3 a6 4.Be3 d6 5.Qd2 Nd7 6.Nf3 c6 7.Bd3 b5 8.O-O Bb7
9.a4 Rc8 10.Ne2 Ngf6 11.Bh6 O-O 12.Ng3 e5 13.Bxg7 Kxg7 14.dxe5 Nxe5 15.Nxe5 dxe5
16.Rfd1 h6 17.c4 bxa4 18.c5 Qe7 19.Qc2 Nd7 20.Rdc1 Rfd8 21.Be2 Nf8 22.Rxa4 Ne6
23.Bxa6 Bxa6 24.Rxa6 Qg5 25.Qc3 Rd3 26.Qe1 Rcd8 27.h3 Nf4 28.Rxc6 Rxg3 29.fxg3 Ne2+
30.Qxe2 Qxc1+ 31.Kh2 Rd1 32.g4 Rh1+ 33.Kg3 Qf4+ 34.Kh4 g5+ 35.Kh5 Qg3  0-1

[Event "TCh-NOR Qualifier"]
[Site "NOR"]
[Date "2001.??.??"]
[Round "1"]
[White "Hersvik,A"]
[Black "Gullaksen,E"]
[Result "1/2-1/2"]
[WhiteElo "2007"]
[BlackElo "2324"]

1.e4 g6 2.d4 Bg7 3.Nc3 d5 4.Nge2 dxe4 5.Nxe4 Nd7 6.g3 Ngf6 7.N4c3 O-O 8.Bg2 c6
9.O-O Qb6 10.h3 Rd8 11.a4 e5 12.a5 Qc7 13.Be3 exd4 14.Nxd4 Nc5 15.Ndb5 cxb5
16.Nxb5 Qe7 17.Bxc5 Rxd1 18.Bxe7 Rxf1+ 19.Rxf1 Bd7 20.Nd6 Bc6 21.Rd1 Ne8
22.c3 Bxg2 23.Kxg2 b6 24.Nxe8 Rxe8 25.Rd7 bxa5 26.Rxa7 h5 27.Kf3 Rb8 28.Ba3 Bf8
29.Bxf8 Kxf8 30.Rxa5 Rxb2 31.Ra7 Rc2 32.Rc7 Kg7 33.Ke3 Kf6 34.h4 Kg7 35.c4 Kf6
36.c5 Ke6 37.Kf3 Kf6 38.Ke3 Ke6 39.Kf3 Kf6 40.Ke3  1/2-1/2

[Event "Troll Masters"]
[Site "Gausdal NOR"]
[Date "2002.01.04"]
[Round "1"]
[White "Royset,P"]
[Black "Djurhuus,R"]
[Result "1-0"]
[WhiteElo "2280"]
[BlackElo "2469"]

1.e4 g6 2.d4 Bg7 3.Nc3 a6 4.Bc4 b5 5.Bd5 Ra7 6.e5 d6 7.Nf3 c6 8.Bb3 d5 9.h3 e6
10.Bg5 Ne7 11.O-O Nd7 12.a4 b4 13.Ne2 a5 14.c3 bxc3 15.bxc3 Ba6 16.Re1 h6
17.Bh4 Rb7 18.Nf4 Kf8 19.Bc2 Qe8 20.Re3 Rb2 21.Qc1 Qb8 22.Bxe7+ Kxe7 23.Bxg6 fxg6
24.Nxg6+ Kd8 25.Nxh8 Bxh8 26.Nh4 Bg7 27.Rg3 Bf8 28.Ng6 Ba3 29.c4 Bf8 30.Nxf8 Nxf8
31.Qxh6 Kc7 32.Rg7+ Nd7 33.Qxe6 Rb1+ 34.Kh2 Rxa1 35.Rxd7+ Kb6 36.c5+  1-0

[Event "7th Hotel"]
[Site "Opatija CRO"]
[Date "2002.01.09"]
[Round "4"]
[White "Biti,O"]
[Black "Loncar,R"]
[Result "1/2-1/2"]
[WhiteElo "2306"]
[BlackElo "2442"]

1.e4 g6 2.d4 Bg7 3.Nc3 c5 4.d5 d6 5.Nf3 Nf6 6.Be2 O-O 7.O-O e6 8.Nd2 exd5
9.exd5 Nbd7 10.Nc4 Nb6 11.Ne3 Re8 12.a4 Ne4 13.Nxe4 Rxe4 14.c3 a5 15.Bd3 Re8
16.Qb3 Bd7 17.Nc4 Nxc4 18.Bxc4 Qc7 19.Bd2 Re4 20.Rfe1 Rae8 21.Rxe4 Rxe4 22.Re1 Rxe1+
23.Bxe1 Bf5 24.Bd2 h6 25.f3 g5 26.Qd1 Qe7 27.Qe1 Be5 28.g3 Qd8 29.Qf2 Bd7
30.b3 Qf6 31.Qe3 Qg6 32.Bd3 Qg7 33.Bc2 Kf8 34.Kf2 b5 35.axb5 Bxb5 36.Bd3 Bd7
37.Qe1 Qf6 38.Qa1 Qd8 39.Qe1 Qb6 40.Bc4 a4 41.bxa4 Bxa4 42.Qa1 Bd7 43.Qc1 Bf6
44.Qc2 Qa5 45.Kg2 Qa1 46.h4 Kg7 47.hxg5 hxg5 48.Qc1 Qa4 49.Bd3 Qa2 50.c4 Bd4
51.Qc2 Qa1 52.Qc1 Qa2 53.Qc2 Qa1 54.Qc1 Qxc1 55.Bxc1 f6 56.Bd2 Ba4 57.Ba5 Be5
58.Kf2 Bd7 59.g4 Ba4 60.Ke2 Bf4 61.Bc3 Be5 62.Ba5  1/2-1/2

[Event "Open"]
[Site "Portsmouth ENG"]
[Date "2002.02.09"]
[Round "3"]
[White "Rossiter,P"]
[Black "Webb,Ri"]
[Result "1/2-1/2"]
[WhiteElo "2380"]
[BlackElo "2361"]

1.e4 c5 2.Nc3 g6 3.d4 Bg7 4.Be3 Qa5 5.Ne2 cxd4 6.Nxd4 Nc6 7.Qd2 Nf6 8.f3 O-O
9.O-O-O d6 10.Nb3 Qc7 11.g4 Be6 12.g5 Nh5 13.f4 Rfc8 14.Nb5 Qd8 15.Kb1  1/2-1/2

[Event "It"]
[Site "Morso DEN"]
[Date "2002.02.12"]
[Round "4"]
[White "Berg,K"]
[Black "Pedersen,Jan"]
[Result "1/2-1/2"]
[WhiteElo "2418"]
[BlackElo "2413"]

1.e4 g6 2.d4 Bg7 3.Nc3 Nc6 4.Be3 d5 5.exd5 Nb4 6.Bb5+ Bd7 7.Bc4 Bf5 8.Bb3 Nf6
9.Qd2 O-O 10.Nge2 Nbxd5  1/2-1/2

[Event "US Amateur Team East"]
[Site "Parsipanny USA"]
[Date "2002.02.18"]
[Round "5"]
[White "Kaminski,M"]
[Black "Karen,B"]
[Result "1-0"]
[WhiteElo "2497"]
[BlackElo "2206"]

1.e4 g6 2.d4 Bg7 3.Nc3 c5 4.d5 d6 5.Bb5+ Bd7 6.Bxd7+ Nxd7 7.Nge2 Ngf6 8.O-O b5
9.f3 a6 10.Qe1 O-O 11.Qh4 Re8 12.Bh6 Bh8 13.Nd1 Nb6 14.Nf2 Nfd7 15.Rab1 Na4
16.c3 b4 17.cxb4 cxb4 18.Nd3 Ne5 19.Nxe5 Bxe5 20.Qf2 e6 21.dxe6 fxe6 22.Nd4 Bxd4
23.Qxd4 Qb6 24.Qxb6 Nxb6 25.Rfd1 d5 26.b3 Rac8 27.Be3 Nd7 28.Rbc1 Nf6 29.Bc5 dxe4
30.fxe4 Nxe4 31.Bxb4 Nf6 32.Bd6 Nd5 33.Be5 Nb4 34.Rxc8 Rxc8 35.Rd2 Nd5 36.Kf2 Kf7
37.Ke2 Ke7 38.Kd3 Rc1 39.Kd4 Nb4 40.Bg3 h6 41.Bf4 g5 42.Bg3 Nd5 43.Be5 h5
44.h3 Nb4 45.Bg3 Nd5 46.Ke5 Rc3 47.Bf2 g4 48.Bh4+ Kf7 49.hxg4 hxg4 50.Bf2 Rc1
51.Ke4 Rc8 52.Kd3 Ke7 53.Bd4 Kd7 54.Be5 Ke7 55.Ke2 Rf8 56.Rd4 Rf5 57.Bg3 Nc3+
58.Kd2 Nxa2 59.Rxg4 Rb5 60.Kc2 Nb4+ 61.Kb2 Kf7 62.Ka3 Nc6 63.Rc4 Na5 64.Rc3 Kf6
65.Ka4 Kf5 66.b4 Nb7 67.Rc6  1-0

[Event "9th Open Metalis"]
[Site "Bizovac CRO"]
[Date "2002.02.21"]
[Round "1"]
[White "Stevic,H"]
[Black "Sarcevic,Z"]
[Result "1-0"]
[WhiteElo "2530"]
[BlackElo "2087"]

1.e4 g6 2.d4 Bg7 3.Nc3 c5 4.dxc5 Qa5 5.Bd2 Qxc5 6.Nf3 a6 7.Nd5 e6 8.b4 Qc6
9.b5 axb5 10.Bxb5 Qc5 11.Bb4 Qa7 12.Nc7+ Kd8 13.Nxa8 Nc6 14.Bxc6 bxc6 15.O-O Bxa1
16.Qxa1 f6 17.Qc3 Qxa8 18.Ng5 Ke8  1-0

[Event "Open"]
[Site "Malaga ESP"]
[Date "2002.03.01"]
[Round "8"]
[White "Lorenzini,M"]
[Black "Aleksieva,S"]
[Result "1/2-1/2"]
[WhiteElo "2363"]
[BlackElo "2347"]

1.e4 g6 2.d4 Bg7 3.Nc3 c5 4.d5 d6 5.Nf3 Nf6 6.h3 Nbd7 7.a4 O-O 8.Be2 a6 9.O-O Ne8
10.Be3 Nc7 11.a5 b5 12.axb6 Nxb6 13.Qd2 Re8 14.Bh6 Bh8 15.Rad1 Bd7 16.Qf4 Bb5
17.Rfe1 Bxe2 18.Nxe2 Nc4 19.b3 Ne5 20.h4 Rb8 21.h5 Rb4 22.hxg6 hxg6 23.Nxe5 Bxe5
24.Qh4 Bf6 25.Qg4 Qc8 26.Qf3 Rb7 27.g3 Nb5 28.Kg2 Nd4 29.Nxd4 cxd4 30.Rd2 Rc7
31.Qd1 e6 32.dxe6 Qxe6 33.Rde2 Rc3 34.Bc1 Qg4 35.Rd2 Qxd1 36.Rexd1 Rxe4 37.Bb2 Rc6
38.Bxd4  1/2-1/2

[Event "ch-CAN"]
[Site "Richmond CAN"]
[Date "2002.03.22"]
[Round "2"]
[White "Yoos,J"]
[Black "Mayo,A"]
[Result "1-0"]
[WhiteElo "2332"]
[BlackElo "2106"]

1.e4 g6 2.d4 Bg7 3.Nc3 c5 4.dxc5 Bxc3+ 5.bxc3 Nf6 6.Bd3 Qa5 7.Nf3 Nc6 8.O-O Qxc5
9.Rb1 a6 10.Nd2 Ne5 11.Rb3 d6 12.Ba3 Qa7 13.c4 Be6 14.Rb2 Rc8 15.Qe2 O-O
16.Rfb1 Rc7 17.Bb4 Nfd7 18.Ba5 b6 19.Bxb6 Nxb6 20.Rxb6 Nd7 21.R6b4 Rfc8 22.h3 Ne5
23.Kh2 a5 24.Ra4 Bd7 25.Ra3 Qc5 26.Rab3 a4 27.Rb4 Nc6 28.R4b2 Be6 29.f4 Qd4
30.Nf3 Qc3 31.f5 Bd7 32.fxg6 hxg6 33.Rb7 Be6 34.Rxc7 Rxc7 35.Qd2 Qf6 36.Qh6 Ne5
37.Ng5 Rc8 38.Qh7+ Kf8 39.Nxe6+ fxe6 40.Rf1  1-0

[Event "ClubCh-EST"]
[Site "Tallinn EST"]
[Date "2002.04.05"]
[Round "6"]
[White "Lauk,U"]
[Black "Tanav,T"]
[Result "1-0"]
[WhiteElo "2348"]
[BlackElo "2230"]

1.e4 g6 2.d4 Bg7 3.Nc3 c5 4.Nf3 Nf6 5.Be2 O-O 6.d5 b5 7.e5 Ng4 8.Bf4 b4 9.Ne4 f5
10.Nxc5 Qb6 11.Nd3 d6 12.h3 dxe5 13.Nfxe5 Nf6 14.d6 exd6 15.Nc4 Qd4 16.Nxd6 Ba6
17.Bf3 Ne4 18.Qe2 Nd7 19.Qe3 g5 20.Bh2 Rad8 21.Nxf5 Rxf5 22.Qxd4 Bxd4 23.Bxe4 Re8
24.f3 Nf6 25.O-O-O Nxe4 26.fxe4 Rxe4 27.Bg1 Bf6 28.Nc5 Rxc5 29.Bxc5 Re2 30.Rhf1 Be5
31.Rfe1 Bf4+ 32.Kb1 Rxg2 33.Re7 Rd2 34.Rxd2 Bxd2 35.Bxa7 Bf1 36.Be3  1-0

[Event "Bundesliga 2001-2"]
[Site "Wattenscheid GER"]
[Date "2002.04.13"]
[Round "12"]
[White "De Firmian,N"]
[Black "Hennig,D"]
[Result "1/2-1/2"]
[WhiteElo "2536"]
[BlackElo "2421"]

1.e4 g6 2.d4 Bg7 3.Nc3 d5 4.exd5 Nf6 5.Bc4 Nbd7 6.Bg5 O-O 7.Bb3 Nb6 8.Qf3 Bg4
9.Qg3 Bf5 10.Bxf6 exf6 11.Nge2 Re8 12.O-O-O Nc8 13.Qf3 Nd6 14.Ng3 Bd7 15.Nce4 b5
16.Nc5 a5 17.a3 f5 18.Ne2 Rb8 19.Nf4 Re7 20.h4 Qf8 21.Nxd7 Rxd7 22.g4 fxg4
23.Qxg4 Re7 24.h5 Re4 25.Kb1 Bh6 26.hxg6 fxg6 27.Qh3 Rxf4 28.Qxh6 Qxh6 29.Rxh6 a4
30.Ba2 Rxf2 31.b3 Rbf8 32.Rh3 Kg7 33.Kb2 h5 34.Rg1 Kh6 35.Rhg3 R8f6 36.Rc3 Rf7
37.Rcg3 Rg7 38.Rg5 h4 39.bxa4 bxa4 40.Ka1 Rf1+ 41.Rxf1 Kxg5 42.c4 h3 43.c5 Nf5
44.Bb1 Nxd4 45.Kb2 h2 46.Rh1 Rh7 47.d6 cxd6 48.cxd6 Nf3 49.Be4 Ne5 50.Kc3 Kf6
51.Kd4 Ke6 52.Kc5 Rh5 53.Bg2 Kd7 54.Kb4 Rh4+ 55.Kc5 Nd3+ 56.Kb5 Nf4 57.Bc6+ Kxd6
58.Rd1+ Ke5 59.Re1+ Kf6 60.Rf1 Kg5 61.Kxa4 Ne2+ 62.Ka5 Ng3 63.Rb1 h1=Q 64.Bxh1 Nxh1
65.Rg1+ Kf5 66.Kb5 Nf2 67.Rf1 Rf4 68.a4 g5 69.a5 Ne4 70.Rxf4+ gxf4 71.a6 f3
72.a7 f2 73.a8=Q f1=Q+ 74.Kb6 Qf2+ 75.Kc7 Qg3+ 76.Kb6 Qg1+ 77.Kc7 Qg7+ 78.Kb8 Qe5+
79.Ka7 Qc5+ 80.Kb8 Nf6 81.Qf3+ Ke6 82.Kb7 Qb4+ 83.Ka7 Nd7 84.Qc6+  1/2-1/2

[Event "Alushta-100"]
[Site "Alushta UKR"]
[Date "2002.04.19"]
[Round "?"]
[White "Arzumanian,G"]
[Black "Vozovic,O"]
[Result "1/2-1/2"]
[WhiteElo "2461"]
[BlackElo "2297"]

1.e4 g6 2.d4 Bg7 3.Nc3 d5 4.Nxd5 c6 5.Nc3 Qxd4 6.Bd3 e5 7.Nf3 Qd6 8.a4 a5
9.b3 Na6 10.Qe2 Nb4 11.Bc4 Nf6 12.O-O O-O 13.Rd1  1/2-1/2

[Event "ch-PHI"]
[Site "Makati PHI"]
[Date "2002.05.04"]
[Round "13"]
[White "Paragua,M"]
[Black "Milagrosa,A"]
[Result "1-0"]
[WhiteElo "2478"]
[BlackElo "2245"]

1.e4 g6 2.d4 Bg7 3.Nc3 d5 4.exd5 Nf6 5.Bb5+ Nbd7 6.Nf3 O-O 7.Bf4 Nb6 8.Be5 Nbxd5
9.Nxd5 Nxd5 10.O-O c6 11.Bc4 Qb6 12.Bb3 Bg4 13.Bxg7 Kxg7 14.c3 Rad8 15.h3 Bxf3
16.Qxf3 e6 17.Rad1 Nf6 18.Qe3 Qa5 19.Rfe1 Rd7 20.Qf3 Qf5 21.Qg3 Nh5 22.Qh2 Qf4
23.g3 Qc7 24.Re5 Nf6 25.f4 Rd6 26.g4 Rfd8 27.Rf1 b6 28.g5 Ng8 29.h4 c5 30.dxc5 bxc5
31.f5 gxf5 32.Qf4 Qb6 33.Rf2 Rd3 34.h5 c4 35.Bxc4 Rd1+ 36.Kh2 Qc6 37.Rg2 Ne7
38.Ra5 R8d7 39.Qe5+ Kg8 40.Bb5 Qf3 41.Be2 Qe4 42.Qxe4 fxe4 43.Bxd1 Rxd1 44.Rxa7 Nf5
45.h6 Kf8 46.Re2 e3 47.Kg2 Ke8 48.Ra8+ Ke7 49.Rh8 Kd6 50.Rxh7 Ke5 51.Rxf7 Ke4
52.h7 Rd2 53.Rxd2 exd2 54.Rd7  1-0

[Event "ch-PHI"]
[Site "Makati PHI"]
[Date "2002.05.06"]
[Round "15"]
[White "Sanchez,Joseph"]
[Black "Milagrosa,A"]
[Result "1-0"]
[WhiteElo "2287"]
[BlackElo "2245"]

1.e4 g6 2.d4 Bg7 3.Nc3 a6 4.Bc4 b5 5.Bd5 c6 6.Bb3 d6 7.Qf3 e6 8.Be3 Ne7 9.h4 h5
10.a4 Bb7 11.Nh3 Nd7 12.Ng5 O-O 13.g4 hxg4 14.Qxg4 Nf6 15.Qg2 Nh5 16.O-O-O d5
17.Ne2 bxa4 18.Ba2 a3 19.Ng3 c5 20.Nxh5 gxh5 21.Rhg1 Ng6 22.Nxf7 Rxf7 23.Qxg6 Qb6
24.bxa3 Re8 25.exd5 Qa5 26.dxe6 Rfe7 27.Rd3  1-0

[Event "ch-UKR w"]
[Site "Alushta UKR"]
[Date "2002.05.10"]
[Round "8"]
[White "Ivanova,S"]
[Black "Artamonova,V"]
[Result "1-0"]
[WhiteElo "2247"]
[BlackElo "2142"]

1.e4 g6 2.d4 Bg7 3.Nc3 c5 4.Be3 Qa5 5.Qd2 Nf6 6.Be2 cxd4 7.Bxd4 Nc6 8.Be3 Qb4
9.f3 d6 10.O-O-O Be6 11.a3 Qa5 12.g4 Rc8 13.Nh3 Nd7 14.Nf4 Bxc3 15.Qxc3 Qxc3
16.bxc3 a6 17.h4 Na5 18.Nxe6 fxe6 19.h5 Kf7 20.f4 g5 21.Rdf1 Rxc3 22.fxg5+ Ke8
23.Kd2 Rxa3 24.g6 Nf6 25.Rxf6 exf6 26.g7 Rg8 27.h6 Ra4 28.g5 fxg5 29.Bh5+ Kd7
30.Bf7  1-0

[Event "Open Championships"]
[Site "Paris FRA"]
[Date "2002.07.12"]
[Round "7"]
[White "Appleberry,M"]
[Black "Souevamanien,P"]
[Result "0-1"]
[WhiteElo "2272"]
[BlackElo "2153"]

1.e4 g6 2.d4 Bg7 3.Nc3 a6 4.h4 h5 5.Nh3 c6 6.Be3 d5 7.e5 Bxh3 8.Rxh3 e6 9.Bg5 Qc7
10.Na4 Nd7 11.b4 Nxe5 12.dxe5 Qxe5+ 13.Re3 Qxa1 14.Qxa1 Bxa1 15.Nb6 Rd8 16.Bxd8 Kxd8
17.c3 d4 18.cxd4  0-1

[Event "3rd Stage Russian Cup"]
[Site "Tomsk RUS"]
[Date "2002.07.14"]
[Round "7"]
[White "Yudin,S"]
[Black "Shomoev,A"]
[Result "0-1"]
[WhiteElo "2328"]
[BlackElo "2533"]

1.e4 g6 2.d4 Bg7 3.Nc3 c5 4.d5 d6 5.h3 Nf6 6.Nf3 O-O 7.a4 e6 8.dxe6 Bxe6
9.Bg5 Qb6 10.Rb1 Qb4 11.Nd2 Nbd7 12.Be2 Nb6 13.O-O Nxa4 14.Nb5 Nxb2 15.Qc1 Nxe4
16.Nxe4 Qxe4 17.Bf3 Qb4 18.Nxd6 c4 19.Be7 Be5 20.Re1 Bxd6 21.Rxb2 Bxe7 22.Rxb4 Bxb4
23.c3 Bc5 24.Qg5 Bb6 25.h4 Rae8 26.h5 Bf5 27.Rxe8 Rxe8 28.h6 Bc5 29.g4 Be7
30.Qe3 Be6 31.Bxb7 a5 32.Bd5 Bf8 33.Bxc4 a4 34.g5 a3 35.Kh2 Re7 36.Bxe6 Rxe6
37.Qd2 Ra6 38.Qd1 a2 39.Qa1 Bd6+ 40.Kg2 Ra8 41.Kf3 Be5 42.Qe1 Bxc3  0-1

[Event "Dutch Open"]
[Site "Dieren NED"]
[Date "2002.07.17"]
[Round "8"]
[White "Span,P"]
[Black "Van der Weide,K"]
[Result "1/2-1/2"]
[WhiteElo "2294"]
[BlackElo "2403"]

1.e4 g6 2.d4 Bg7 3.Nc3 c5 4.dxc5 Bxc3+ 5.bxc3 Qa5 6.Qd4 Nf6 7.Bd2 Nc6 8.Qe3 b6
9.cxb6 axb6 10.Nf3 Qc5 11.Bd3 Ng4 12.Qe2 O-O 13.O-O d6 14.Rfb1 Nge5 15.Rb5 Nxf3+
16.Qxf3 Ne5 17.Qe3 Qxe3 18.Bxe3 Ba6 19.Rxb6 Nxd3 20.cxd3 Bxd3 21.f3 Rfc8
22.Rb7 Kf8 23.a4 Rxc3 24.a5 Ba6 25.Ra7  1/2-1/2

[Event "11th Open"]
[Site "Kavala GRE"]
[Date "2002.08.11"]
[Round "2"]
[White "Parligras,M"]
[Black "Milovanovic,Ni"]
[Result "1/2-1/2"]
[WhiteElo "2511"]
[BlackElo "2253"]

1.e4 g6 2.d4 Bg7 3.Nc3 d5 4.exd5 Nf6 5.Bc4 Nbd7 6.Bb3 Nb6 7.Qf3 Bg4 8.Qd3 a6
9.h3 Bc8 10.Qf3 h6 11.Bf4 O-O 12.Nge2 Bd7 13.a4 Nc8 14.O-O Nd6 15.Be5 Nh7
16.Nf4 Bf5 17.Rfe1 Nf6 18.Nd3 Qc8 19.a5 g5 20.Qe2 Bg6 21.Na4 Bh5 22.f3 Bg6
23.c4 Qb8 24.c5 Nb5 25.Nc3 Qd8 26.Nxb5 axb5 27.Nb4 h5 28.Qxb5 g4 29.Kh2 gxf3
30.gxf3 Ne8 31.a6 bxa6 32.Rxa6 Rxa6 33.Qxa6 Bxe5+ 34.Rxe5 e6 35.dxe6 Qxd4
36.exf7+ Kh7 37.Qe2 Ng7 38.Nc6 Qf4+ 39.Kg2 Nf5 40.Rxf5 Qxf5 41.Ne5 Qg5+ 42.Kh2 Qf4+
43.Kh1 Bf5 44.Qg2 Qc1+ 45.Qg1 Qxg1+ 46.Kxg1 Kg7 47.Kg2 Rb8 48.Bc4 Rxb2+ 49.Kg3 Rb8
50.h4 Kf6 51.f4 Ra8 52.Kf3 Ke7 53.Ke3 Ra3+ 54.Kd4 Ra8 55.Nc6+ Kf6 56.Ne5 Ke7
57.Bb5 Rd8+ 58.Kc3 Ra8 59.Be8 Ra1 60.Kd4 Re1 61.Kd5 Be4+ 62.Kc4 Bf5 63.Kb5 Rb1+
64.Kc6 Kd8 65.Kd5 Rd1+ 66.Kc4 Ke7 67.Kb5 Rb1+ 68.Ka6 Bc8+ 69.Ka7 Bf5 70.Nc6+ Kf8
71.Nd4 Bc8 72.f5 Rb4 73.Ne6+ Bxe6 74.fxe6 Rxh4 75.Kb7 Re4 76.Bd7 Ke7 77.Kxc7 h4
78.Kb6 h3 79.f8=Q+ Kxf8 80.e7+ Kxe7 81.Bxh3 Rc4 82.Kb5 Rc3 83.Bg4 Rxc5+  1/2-1/2

[Event "ch-AUT"]
[Site "Oberpullendorf AUT"]
[Date "2002.08.13"]
[Round "4"]
[White "Wach,M"]
[Black "Hebesberger,T"]
[Result "1-0"]
[WhiteElo "2398"]
[BlackElo "2288"]

1.e4 g6 2.d4 Bg7 3.Nc3 c5 4.dxc5 Qa5 5.Bd3 Na6 6.Ne2 Nxc5 7.O-O Nxd3 8.Qxd3 Nf6
9.Bd2 O-O 10.Nd5 Qd8 11.Nxf6+ Bxf6 12.Bc3 Bxc3 13.Nxc3 d6 14.Rad1 Be6 15.Nd5 Rc8
16.Rfe1 b5 17.c3 a6 18.Qe3 Rc5 19.h4 f6 20.Rd3 Rf7 21.Qxc5  1-0

[Event "ch-AUT"]
[Site "Oberpullendorf AUT"]
[Date "2002.08.14"]
[Round "5"]
[White "Hiermann,D"]
[Black "Eibersberger,M"]
[Result "1/2-1/2"]
[WhiteElo "2249"]
[BlackElo "2135"]

1.e4 g6 2.d4 Bg7 3.Nc3 c5 4.Nf3 cxd4 5.Nxd4 Nc6 6.Be3 Nf6 7.f3 O-O 8.Bc4 a5
9.Qd2 Ne5 10.Be2 d5 11.f4 Nc6 12.e5 Ng4 13.Nxc6 bxc6 14.Bc5 Rb8 15.h3 Nh6
16.O-O-O Qc7 17.g4 Re8 18.Rhg1 f6 19.exf6 exf6 20.f5 Nf7 21.Kb1 Bh6 22.Qd3 Ne5
23.Qg3 Bf8 24.Bxf8 Kxf8 25.fxg6 hxg6 26.Rdf1 Kg7 27.Qh4 Qe7 28.a3 Rh8 29.Qg3 Qxa3
30.b3 d4 31.Nb5 cxb5 32.g5 Rxh3 33.gxf6+ Kf7 34.Qxe5 Rxb3+ 35.cxb3 Qxb3+
36.Kc1  1/2-1/2

[Event "11th Open"]
[Site "Kavala GRE"]
[Date "2002.08.15"]
[Round "7"]
[White "Berescu,A"]
[Black "Milovanovic,Ni"]
[Result "1-0"]
[WhiteElo "2432"]
[BlackElo "2253"]

1.e4 g6 2.d4 Bg7 3.Nc3 d5 4.exd5 Nf6 5.Bc4 Nbd7 6.Bb3 Nb6 7.Qf3 a5 8.a4 Bg4
9.Qd3 Bf5 10.Qb5+ Bd7 11.Qe2 Bc8 12.Bg5 O-O 13.Qf3 Bg4 14.Qg3 Bf5 15.Bxf6 Bxf6
16.Nge2 h5 17.h3 Qd7 18.O-O h4 19.Qf3 Rad8 20.Rfe1 Kg7 21.Rad1 g5 22.Ne4 Bxe4
23.Qxe4 Nxd5 24.c3 c6 25.Nc1 Nf4 26.Nd3 Nxd3 27.Rxd3 Qd6 28.Rf3 e6 29.Qg4 Rh8
30.Bxe6 Rh6 31.Bb3 c5 32.dxc5 Qxc5 33.Rf5 Qc7 34.Kh1 Qb6 35.f4 Qxb3 36.fxg5 Rh7
37.gxf6+ Kh8 38.Rh5  1-0

[Event "ch-AUT"]
[Site "Oberpullendorf AUT"]
[Date "2002.08.17"]
[Round "8"]
[White "Waller,H"]
[Black "Eibersberger,M"]
[Result "1/2-1/2"]
[WhiteElo "2168"]
[BlackElo "2135"]

1.e4 g6 2.d4 Bg7 3.Nc3 c5 4.dxc5 Qa5 5.Bd2 Qxc5 6.Nd5 Na6 7.Nf3 e6 8.Bc3 Bxc3+
9.Nxc3 Nc7 10.e5 f5 11.Qd2 Ne7 12.Qd6 b6 13.O-O-O Ncd5 14.Qxc5 bxc5 15.Na4 Bb7
16.Nxc5 Bc6 17.Nd4 Rc8 18.Nxc6 Rxc6 19.Nb3 Kf7 20.c4 Rb8 21.Kb1 Nb6 22.Be2 Ke8
23.Rd4 g5 24.f4 gxf4 25.Rc1 Ng6 26.Bh5 Rbc8 27.Na5 R6c7 28.Rxf4 Kf8 29.Bxg6 hxg6
30.b4 Nd5 31.Rh4 Nxb4 32.Rc3 g5 33.Rh5 g4 34.Rb3 Nc6 35.Nb7 Nd4 36.Nd6 Nxb3
37.axb3 Kg7 38.Nxc8 Rxc8 39.h3 Kg6 40.hxg4 fxg4 41.Rh4 Kf5 42.g3 Kxe5 43.Rxg4 d5
44.Kc2 dxc4 45.Rxc4 Rg8 46.Rc7 Rxg3 47.Rxa7 Kd4 48.Rd7+ Kc5 49.Re7  1/2-1/2

[Event "FSIMB Sept"]
[Site "Budapest HUN"]
[Date "2002.09.15"]
[Round "9"]
[White "Richards,H"]
[Black "Metaxasz,V"]
[Result "1-0"]
[WhiteElo "2275"]
[BlackElo "2181"]

1.e4 g6 2.d4 Bg7 3.Nc3 c5 4.Be3 Qa5 5.Nf3 cxd4 6.Bxd4 Nf6 7.e5 Ng4 8.h3 Nh6
9.e6 f6 10.Bb5 a6 11.exd7+ Bxd7 12.Bxd7+ Nxd7 13.O-O O-O 14.Be3 Rfd8 15.Qe2 Nf7
16.Nd4 Nf8 17.Rad1 Rac8 18.Qf3 Rd7 19.Nb3 Qf5 20.Qxf5 gxf5 21.Rxd7 Nxd7 22.Nd5 Kf8
23.Nd4 Bh8 24.Ne6+  1-0